000 00446nam a2200157 a 4500
001 000030145
005 20200930060100.0
008 110503s2002 dr a 000 0 spa d
020 _z15605728
040 _aDO-SdBNP
_bspa
_cBNPHU
082 _axxx
_bM533a
245 0 1 _aMemoria anual 2001.
260 _aSanto Domingo :
_bCentro para el Desarrollo Agropecuario y Forestal,
_c2002.
300 _a54 p. :
_bil., retrs. ;
_civ, 54 p.
049 _aBNPD
999 _c29637
_d29637